00304nam a2200109Ia 4500008004100000100004200041245003300083260000900116300003200125440002400157650001300181180117s9999 xx 000 0 und d aby Nesreen Cadar Abdulrauf-Hadjirasid aGo, Glow, and Grow, MIndanao c2017 a6-8 pages, 2017 September 3 aPhilippine Panorama aMINDANAO